Rex & Rita Saurus's big adventure / (Запис № 543607)

МАРК-запис
000 -LEADER
fixed length control field 01704cam a2200385 a 4500
001 - CONTROL NUMBER
control field rexritasaurussbi00cars
003 - CONTROL NUMBER IDENTIFIER
control field CaSfIA
005 - DATE AND TIME OF LATEST TRANSACTION
control field 20210118215227.0
007 - PHYSICAL DESCRIPTION FIXED FIELD--GENERAL INFORMATION
fixed length control field cr||||
008 - FIXED-LENGTH DATA ELEMENTS--GENERAL INFORMATION
fixed length control field 900910s1990 nyua j 000 1 eng
010 ## - LIBRARY OF CONGRESS CONTROL NUMBER
LC control number 90193065
040 ## - CATALOGING SOURCE
Original cataloging agency DLC
Transcribing agency DLC
Modifying agency OCL
-- BTCTA
-- BAKER
-- YDXCP
-- CaSfIA
020 ## - INTERNATIONAL STANDARD BOOK NUMBER
International Standard Book Number 0590432923 :
Terms of availability $2.50 ($3.50 CAN)
020 ## - INTERNATIONAL STANDARD BOOK NUMBER
International Standard Book Number 9780590432924
035 ## - SYSTEM CONTROL NUMBER
System control number (OCoLC)22420453
042 ## - AUTHENTICATION CODE
Authentication code lcac
050 00 - LIBRARY OF CONGRESS CALL NUMBER
Classification number PZ7.C2386
Item number Re 1990
082 00 - DEWEY DECIMAL CLASSIFICATION NUMBER
Classification number [E]
Edition number 20
029 1# - (OCLC)
OCLC library identifier AU@
System control number 000007557129
100 1# - MAIN ENTRY--PERSONAL NAME
Personal name Carson, Jane.
245 10 - TITLE STATEMENT
Title Rex & Rita Saurus's big adventure /
Medium [electronic resource]
Statement of responsibility, etc by Jane Carson ; illustrated by Cliff Galbraith and Kathy Ossner Sulewski.
260 ## - PUBLICATION, DISTRIBUTION, ETC. (IMPRINT)
Place of publication, distribution, etc New York :
Name of publisher, distributor, etc Scholastic,
Date of publication, distribution, etc c1990.
300 ## - PHYSICAL DESCRIPTION
Extent [32] p. :
Other physical details col. ill. ;
Dimensions 21 cm.
520 ## - SUMMARY, ETC.
Summary, etc Looking for some adventure, Rex and Rita, two magical dinosaurs who love to read, go to the library.
506 ## - RESTRICTIONS ON ACCESS NOTE
Standardized terminology for access restriction Необхідна авторизація на https://archive.org/ (створення облікового запису безкоштовно)
506 ## - RESTRICTIONS ON ACCESS NOTE
Standardized terminology for access restriction Необхідна авторизація на https://openlibrary.org/ (створення облікового запису безкоштовно)
650 #1 - SUBJECT ADDED ENTRY--TOPICAL TERM
Topical term or geographic name as entry element Dinosaurs
Form subdivision Fiction.
650 #1 - SUBJECT ADDED ENTRY--TOPICAL TERM
Topical term or geographic name as entry element Books and reading
Form subdivision Fiction.
700 1# - ADDED ENTRY--PERSONAL NAME
Personal name Galbraith, Cliff,
Relator term ill.
700 1# - ADDED ENTRY--PERSONAL NAME
Personal name Sulewski, Kathy Ossner,
Relator term ill.
740 0# - ADDED ENTRY--UNCONTROLLED RELATED/ANALYTICAL TITLE
Uncontrolled related/analytical title Rex and Rita Sauras's big adventure.
856 41 - ELECTRONIC LOCATION AND ACCESS
Uniform Resource Identifier <a href="http://www.archive.org/details/rexritasaurussbi00cars">http://www.archive.org/details/rexritasaurussbi00cars</a>
Public note Free eBook from the Internet Archive
856 42 - ELECTRONIC LOCATION AND ACCESS
Uniform Resource Identifier <a href="http://www.openlibrary.org/books/OL1961707M">http://www.openlibrary.org/books/OL1961707M</a>
Public note Additional information and access via Open Library
942 ## - ADDED ENTRY ELEMENTS (KOHA)
Koha item type ЕКнига

Немає доступних примірників.